LEADER 00996nam a2200241 i 4500 001 000000052854 003 CaOOAMICUS 005 20081212000000.0 008 081212s1976 it u000 u ita u 013 $a24026 040 $aSeMil$bita 100 1 $aUgazio, Ugo Maria <1948->.$0(OLS)http://semarc/name/23862 245 13$aIl problema della morte nella filosofia di Heidegger /$cUgo Maria Ugazio. 260 $aMilano :$bMursia,$c1976. 300 $a191 p. ;$c23 cm. 490 0 $aStudi di filosofia ;$v14 650 4$aHeidegger, Martin <1889-1976> - Concetto di morte.$0(OLS)http://semarc/subject/10617 830 0$aStudi di filosofia ;$v14.$0(OLS)http://semarc/title/7160 850 $aSeMil 852 $aSeMil$W1$xVenegono$y1$m2P IV 349$j19008$B19008$CSeMilBibl$Z2$F19010 $81 961 $aAcquisto: Casa editrice 996 $6245$aIl problema della morte nella filosofia di Heidegger$9(OLS)http://semarc/title/81252 996 $6260$aMilano :$bMursia$9(OLS)http://semarc/publisher/30230 LEADER 01356nam a2200301 i 4500 001 000000114750 003 CaOOAMICUS 005 20030428000000.0 008 030428s1995 it u000 u mul u 013 $a87438 020 $a88-07-82122-2 040 $aSeMil$bita 240 00$aBibbia. Antico Testamento. Giona.$0(OLS)http://semarc/title/167808 245 10$aGiona =$bIonà /$ctraduzione a cura di Erri De Luca. 260 $aMilano :$bFeltrinelli,$c1995. 300 $a89 p. ;$c20 cm. 490 0 $aUniversale economica Feltrinelli ;$v2122 500 $aSul v. del front. : Titolo originale in ebraico. - In appendice : Testo ebraico con traduzione interlineare. - Fondo Card. C.M. Martini. 650 4$aBibbia. Antico Testamento. Giona - Commentari, studi, critica, interpretazioni.$0(OLS)http://semarc/subject/3616 700 1 $aDe Luca, Erri,$d<1950- >.$0(OLS)http://semarc/name/18569 830 0$aUniversale economica ;$v2122.$0(OLS)http://semarc/title/11224 850 $aSeMil 852 $aSeMil$W1$xVenegono$y1$m2Z I 19$j70293$B70293$CSeMilBibl$Z2$F76436 $81 941 1 $a4 961 $aOmaggio: Martini Card. Carlo Maria 996 $6020$a88-07-82122-2$9(OLS)http://semarc/number/98190 996 $6245$aGiona =$bIonà$9(OLS)http://semarc/title/167809 996 $6260$aMilano :$bFeltrinelli$9(OLS)http://semarc/publisher/30237